| 000 | 00286nam a2200085Ia 4500 | ||
|---|---|---|---|
| 008 | 220120s9999||||xx |||||||||||||| ||und|| | ||
| 100 |
_aPadma, R. and Radhika, M. N _912210 |
||
| 245 | 0 | _aIntelligent ambulence for city traffic police | |
| 260 |
_aCoorg Institute of Technology _bPonnampet _c2009 |
||
| 999 |
_c137796 _d137796 |
||